Popisy prací v útvarech vědeckých, technických a ekonomických informací

Salvato in:
Dettagli Bibliografici
Autore principale: Kadleček, Ladislav
Natura: Libro
Lingua:ceco
Pubblicazione: Praha Ústředí vědeckých, technických a ekonomických informací 1989
Edizione:3. vyd.
Tags: Aggiungi Tag
Nessun Tag, puoi essere il primo ad aggiungerne!!

MARC

LEADER 00000nam a2200000 4500
001 c036609
005 20251204074634.6
041 0 |a cze 
044 |a CZ 
245 1 0 |a Popisy prací v útvarech vědeckých, technických a ekonomických informací  |c Ladislav Kadleček a kol. 
250 |a 3. vyd. 
264 1 |a Praha  |b Ústředí vědeckých, technických a ekonomických informací  |c 1989 
300 |a 59 s. 
100 1 |a Kadleček, Ladislav